000 00964nam0a22002411 4500
001 rc\84596
005 20021216131548.0
035 _a(NLR Aleph) 005352986
090 _a6817101
_c6817101
100 _a20021216d1995 u |0rusy50 ca
101 0 _arus
102 _aRU
105 _ay |||||||||
200 1 _aПланирование расследования преступлений отдельных видов
_eУчеб. пособие
_fВолгогр. юрид. ин-т
_g[Самоделкин С.М. и др.]
_gПод ред. С.М. Самоделкина
210 _aВолгоград
_cВолгогр. юрид. ин-т
_d1995
215 _a62, [1] с.
_d20
701 1 _aСамоделкин
_bС. М.
_gСергей Михайлович
712 0 2 _aВолгоградский юридический ин-т
_3RU\NLR\AUTH\889939722
801 0 _aRU
_bNLR
_gpsbo
801 1 _aRU
_bELAR
_2rusmarc
852 _aNLR
_j96-4/10243
942 _cBOOK
980 _aNB